000 01311nam a22003137a 4500
999 _c21528
_d21528
003 AR-CdUCM
008 190220b ||||| |||| 00| 0 spa d
020 _a9786124146152
040 _aMUNICIPALIDAD PROVINCIAL DEL CUSCO
_cBIBLIOTECA MUNICIPAL DEL CUSCO
082 _a985.612/M1H
_bM1H
100 _aHeaney, Christopher
_945251
245 _aLas tumbas de Machu Picchu :
_bla historia de Hiram Bingham y la búsqueda de las últimas ciudades de los incas /
_cChristopher Heaney ; traducción por Jorge Bayona Matsuda
260 _aLima.
_bPontificia Universidad Católica del Perú,
_c2017.
300 _a335 páginas. :
_bilustraciones, mapas, retratos ;
_c24 cm.
500 _aTraducción de: Cradle of gold : the story of Hiram Bingham, a real-life Indiana Jones, and the search for Machu Picchu.
_zBibliografía: p. [323]-335.
650 _aBingham, Hiram
_945252
650 _aIncas
_9303
650 _aInkas
_91899
650 _aAntigüedades
_930188
650 _aPatrimonio cultural
_93805
650 _aHistoria
_945253
650 _aSantuario Histórico de Machu Picchu
_96214
650 _aCusco
_9772
650 _aPerú
_945250
700 _aBayona Matsuda, Jorge (traductor)
_945254
710 _aPontificia Universidad Católica del Perú
_9400
942 _2ddc
_cLIBROS
945 _aRoel